000 00761nam a2200205 a 4500
003 0
005 20250529153551.0
008 021126s19uu xx 00 eng d
050 _aPGS LC 4704
_b.K96 2000
100 _aKim, Ji Young.
245 _aA survey on how LRU students cope with their studies Southville International School /
_cJi Young Kim.
260 _aLas PiƱas City, Philippines :
_bSouthville International School and Colleges,
_c2000.
300 _a26 pages :
_bcolored illustrations ;
_c28 cm.
504 _aIncludes bibliographical references.
650 _aStudents with disabilities
_vEducation.
650 _aSpecial education.
650 _aGifted children
_vEducation.
650 _aDifferentiated instruction.
942 _2lcc
_cPASS
999 _c96384
_d96384